Chương trình dịch

Các kiến thức cơ sở về chương trình dịch: khái niệm, cấu trúc, kiến thức xây dựng, ngôn ngữ lập trình. Phân tích từ vựng, phân tích cú pháp, phân tích ngữ nghĩa, môi trường thực thi, sinh mã trung gian và sinh mã đích

সংরক্ষণ করুন:
গ্রন্থ-পঞ্জীর বিবরন
প্রধান লেখক: Vũ Đình Ho
অন্যান্য লেখক: Đỗ Thị Bích Ngọc
বিন্যাস: গ্রন্থ
ভাষা:Vietnamese
প্রকাশিত: H. Đại học Sư phạm 2007
বিষয়গুলি:
ট্যাগগুলো: ট্যাগ যুক্ত করুন
কোনো ট্যাগ নেই, প্রথমজন হিসাবে ট্যাগ করুন!
Thư viện lưu trữ: Mạng thư viện Đại học Đà Nẵng
LEADER 01553aam a22003978a 4500
001 000018190
003 14617
005 20130924090935.0
008 130920s2007 viesd
020 |c 32000đ  |d 1000b 
041 0 |a vie 
082 1 4 |2 14  |a 005.45  |b VU-H 
084 |a F973.2-018z73  |b CH561T 
100 1 |a Vũ Đình Hoà 
245 |a Chương trình dịch  |c Vũ Đình Hoà, Đỗ Thị Bích Ngọc 
260 |a H.  |b Đại học Sư phạm  |c 2007 
300 |a 209 tr.  |b bảng  |c 24 cm. 
504 |a Thư mục: tr. 209 
520 |a Các kiến thức cơ sở về chương trình dịch: khái niệm, cấu trúc, kiến thức xây dựng, ngôn ngữ lập trình. Phân tích từ vựng, phân tích cú pháp, phân tích ngữ nghĩa, môi trường thực thi, sinh mã trung gian và sinh mã đích 
650 0 4 |2 Bộ TK TVQG  |a Dịch ngôn ngữ lập trình 
650 7 |2 Bộ TK TVQG 
650 7 |2 Bộ TK TVQG 
653 |a Chương trình dịch 
653 |a Tin học 
655 7 |2 Bộ TK TVQG  |a Giáo trình 
700 1 |a Đỗ Thị Bích Ngọc 
OWN |a LSP 
AVA |a UDN50  |b LSP  |d 005.45 VU-H  |e available  |t Error 5001 Not defined in file expand_doc_bib_avail.  |f 5  |g 0  |h N  |i 0  |k 1 
999 |a From the UDN01 
AVA |a UDN50  |b LSP  |d 005.45 VU-H  |e available  |t Error 5001 Not defined in file expand_doc_bib_avail.  |f 5  |g 0  |h N  |i 0  |k 1 
TYP |a Monograph 
TYP |a Printed language 
980 |a Mạng thư viện Đại học Đà Nẵng